00340nam a2200097Ia 4500008004100000100002400041245004200065260004700107650002700154856006100181160909s9999 xx 000 0 und d aSanchez, Alison Lee aEssays in decision making and beliefs bUniversity of California, San Diego.c2016 aInformation Technology uhttp://pqdtopen.proquest.com/doc/1799599796.html?FMT=ABS